000 00475cam a2200181ua 4500
020 _cRs 2.50
041 _amal
_h
082 _a894.812 809
_bLEE/KA
100 _aLeelavathi, M .
245 _aKavithayum Sastravum /
_cM Leelavathi.
_hTextual Documents
260 _aKottayam :
_bSahitya Pravarthaka Co-operative Society ,
_c1969.
300 _a156 ; .
365 _aRs 2.50
504 _a
650 _aEssays - Malayalam
942 _cBK
999 _c532
_d532